Skip to main content
Your cart is empty.
Your lists
Log in to create your own lists
Your cookies
العربية
English
العربية
Home
Search
Advanced search
Authority search
About
The noble scholar, jurist, historian
His Excellency Dr. Abdul Wahhab bin Ibrahim Abu Sulaiman, may Allah have mercy on him.
He was born in Umm Al-Qura in the year 1356 AH.
Library catalog
Title
Author
Subject
ISBN
ISSN
Series
Call number
Log in to your account
×
Login:
Password:
Home
MARC view: التعليق الممجد على موطأ الإمام محمد /
Normal view
MARC view
ISBD view
التعليق الممجد على موطأ الإمام محمد / (Record no. 4471)
[
view plain
]
MARC details
000 -LEADER
fixed length control field
01447cam a22002771i 4500
003 - CONTROL NUMBER IDENTIFIER
control field
SA_RiAUC
005 - DATE AND TIME OF LATEST TRANSACTION
control field
20250105130501.0
008 - FIXED-LENGTH DATA ELEMENTS--GENERAL INFORMATION
fixed length control field
250105q19001999ku g f000 0 ara c
040 ## - CATALOGING SOURCE
Original cataloging agency
SA-MaMIU
Language of cataloging
ara
Transcribing agency
SA-RiAUC
Description conventions
rda
082 04 - DEWEY DECIMAL CLASSIFICATION NUMBER
Classification number
236.4
Assigning agency
SA-RiAUC
090 ## - LOCALLY ASSIGNED LC-TYPE CALL NUMBER (OCLC); LOCAL CALL NUMBER (RLIN)
Classification number (OCLC) (R) ; Classification number, CALL (RLIN) (NR)
236.4
Local cutter number (OCLC) ; Book number/undivided call number, CALL (RLIN)
ل ك ن
100 1# - MAIN ENTRY--PERSONAL NAME
Personal name
اللكنوي، محمد عبد الحي بن محمد عبد الحليم،
Dates associated with a name
1264-1304 هجري
Relator term
مؤلف.
245 12 - TITLE STATEMENT
Title
التعليق الممجد على موطأ الإمام محمد /
Statement of responsibility, etc.
تأليف أبي الحسنات محمد عبد الحي اللكنوي ؛ حققه وضبط نصه وعلق عليه وقدم له شعيب الأرناؤوط، محمد نعيم العرقسوسي.
264 #1 - PRODUCTION, PUBLICATION, DISTRIBUTION, MANUFACTURE, AND COPYRIGHT NOTICE
Place of production, publication, distribution, manufacture
الكويت :
Name of producer, publisher, distributor, manufacturer
وزارة الأوقاف والشؤون الإسلامية، قطاع الشؤون الثقافية،
Date of production, publication, distribution, manufacture, or copyright notice
[بين 1900 و1999]
300 ## - PHYSICAL DESCRIPTION
Extent
مجلد ؛
Dimensions
17 × 24 سم
336 ## - CONTENT TYPE
Content type term
نص
Content type code
txt
Source
rdacontent
Materials specified
كتاب
337 ## - MEDIA TYPE
Media type term
بدون وسيط
Media type code
n
Source
rdamedia
338 ## - CARRIER TYPE
Carrier type term
مجلد
Carrier type code
nc
Source
rdacarrier
650 #7 - SUBJECT ADDED ENTRY--TOPICAL TERM
Topical term or geographic name entry element
الحديث
General subdivision
مسند ابن مالك
Source of heading or term
aucsh
700 1# - ADDED ENTRY--PERSONAL NAME
Personal name
الأرناؤوط، شعيب،
Dates associated with a name
1928-2016
Relator term
محقق.
700 1# - ADDED ENTRY--PERSONAL NAME
Personal name
العرقسوسي، محمد نعيم،
Dates associated with a name
1951-
Relator term
محقق.
700 12 - ADDED ENTRY--PERSONAL NAME
Personal name
الإمام مالك، مالك بن أنس بن مالك،
Dates associated with a name
93-179 هجري.
Title of a work
الموطأ
740 22 - ADDED ENTRY--UNCONTROLLED RELATED/ANALYTICAL TITLE
Uncontrolled related/analytical title
الموطأ.
942 ## - ADDED ENTRY ELEMENTS (KOHA)
Source of classification or shelving scheme
Dewey Decimal Classification
Koha item type
Books
Suppress in OPAC
No
949 ## - LOCAL PROCESSING INFORMATION (OCLC)
a
SA-JeALM
d
250105
u
mohamedma123
n
1
Holdings
Withdrawn status
Lost status
Source of classification or shelving scheme
Materials specified (bound volume or other part)
Damaged status
Not for loan
Home library
Current library
Date acquired
Total checkouts
Full call number
Barcode
Date last seen
Price effective from
Koha item type
Dewey Decimal Classification
الجزء الثالث
DR AbdElwahab Library
DR AbdElwahab Library
01/05/2025
236.4 ل ك ن
000007056
01/05/2025
01/05/2025
Books
Dewey Decimal Classification
الجزء الرابع
DR AbdElwahab Library
DR AbdElwahab Library
01/05/2025
236.4 ل ك ن
000007057
01/05/2025
01/05/2025
Books
Place hold
Print
Add to your cart
(remove)
Save record
BIBTEX
Dublin Core
MARCXML
MARC (non-Unicode/MARC-8)
MARC (Unicode/UTF-8)
MARC (Unicode/UTF-8, Standard)
MODS (XML)
RIS
ISBD
More searches
Search for this title in:
Other Libraries (WorldCat)
Other Databases (Google Scholar)
Online Stores (Bookfinder.com)
Open Library (openlibrary.org)
Exporting to Dublin Core...
×
Simple DC-RDF
OAI-DC
SRW-DC